000
00231nam a2200097Ia 4500
001
688094
005
20250826161608.0
008
250824s9999 xx 000 0 und d
245
0
_a
TOM SAWYER
_c
MARK TWAIN
260
_b
TİMAŞ YAYINLARI
999
_c
688094
_d
688094